Paroles - Viano - RK - Statistiques

Statistiques générales
  • Ce quiz a été pris 71 fois
  • Le résultat moyen est 204 sur 320
Statistiques - réponses
ANSWER % Correct
Viano
98%
à
96%
a
96%
d
96%
l
96%
m
94%
j
91%
J
91%
dans
89%
allô
87%
un
87%
veux
87%
de
85%
Oui
85%
t
85%
T
85%
elle
81%
Elle
81%
masse
80%
moi
80%
prise
80%
BBL
78%
es
76%
pour
76%
sexy
76%
le
74%
c
70%
C
70%
Plus
70%
plus
70%
La
69%
la
69%
69%
toi
67%
Toi
67%
bonne
65%
danse
65%
en
63%
liasses
63%
qu
63%
Si
63%
as
57%
est
52%
face
52%
ai
48%
personne
48%
club
46%
peu
46%
y
46%
Adriano
44%
piano
44%
sait
44%
comme
43%
du
43%
mélo
41%
pas
41%
anneau
39%
autre
39%
mais
39%
auras
37%
avec
35%
joue
35%
les
33%
Oh
33%
parano
33%
tu
33%
bas
31%
chaud
31%
rendu
31%
timp
31%
écrit
30%
envoie
30%
Kalash
30%
quand
30%
Ça
28%
donc
28%
bah
26%
croisée
26%
des
26%
ouais
26%
salope
24%
grave
22%
peur
22%
terrains
22%
nous
20%
on
20%
balles
19%
Deux
19%
note
19%
pleuvent
19%
putains
19%
rejoint
19%
bazookas
17%
paies
17%
remets
17%
sent
17%
même
15%
sur
15%
fout
13%
mes
13%
zbeul
13%
cup
11%
plug
11%
sons
11%
compte
9%
bouteilles
7%
envoyées
2%
Aucun quiz correspondant
Distribution des résultats
% des personnes avec chaque résultat
Percentile par nombre de réponses
Votre historique - résultats
Vous n’avez pas pris ce quiz